Serie A 2025/26 First XI - Statistics

General Stats
  • This quiz has been taken 372 times
  • The average score is 109 of 220
Answer Stats
Club Position Nationality Player % Correct
Juventus FW Jonathan David
97%
Juventus CM Khéphren Thuram
97%
Inter FW Marcus Thuram
97%
Juventus AM Kenan Yıldız
94%
Juventus GK Michele Di Gregorio
92%
Juventus CB Gleison Bremer
91%
Juventus CM Manuel Locatelli
91%
Juventus AM Francisco Conceição
88%
Milan FW Christian Pulisic
84%
Juventus CB Federico Gatti
84%
Inter FW Lautaro Martínez
84%
Genoa LB Aarón Martín
83%
Juventus CB Lloyd Kelly
83%
Milan GK Mike Maignan
83%
Como AM Nicolás Paz
83%
Inter GK Yann Sommer
83%
Inter CB Alessandro Bastoni
82%
Inter WB Federico Dimarco
82%
Napoli CM Kevin De Bruyne
82%
Milan CB Fikayo Tomori
81%
Inter CM Nicolò Barella
81%
Milan FW Santiago Giménez
81%
Napoli CM Andre-Frank Zambo Anguissa
80%
Inter WB Denzel Dumfries
80%
Milan CM Luka Modrić
80%
Juventus WB Pierre Kalulu
80%
Napoli GK Alex Meret
79%
Napoli RB Giovanni Di Lorenzo
79%
Juventus WB Andrea Cambiaso
78%
Inter CB Francesco Acerbi
78%
Atalanta CM Marten de Roon
78%
Roma GK Mile Svilar
78%
Atalanta FW Gianluca Scamacca
77%
Inter CM Henrikh Mkhitaryan
77%
Napoli LM Scott McTominay
77%
Napoli DM Stanislav Lobotka
77%
Atalanta CM Mario Pašalić
76%
Fiorentina FW Moise Kean
75%
Roma CB Gianluca Mancini
74%
Atalanta AM Charles De Ketelaere
73%
Fiorentina GK David de Gea
73%
Roma FW Evan Ferguson
73%
Milan CB Strahinja Pavlović
73%
Parma GK Zion Suzuki
73%
Napoli CB Amir Rrahmani
72%
Inter CB Benjamin Pavard
72%
Napoli RM Matteo Politano
72%
Milan CM Ruben Loftus-Cheek
72%
Atalanta CB Berat Djimsiti
71%
Napoli CB Juan Jesus
71%
Napoli LB Mathías Olivera
71%
Roma CB Obite N'Dicka
71%
Roma AM Matìas Soulé
70%
Milan WB Pervis Estupiñán
70%
Sassuolo RM Ismaël Koné
69%
Roma CM Manu Koné
69%
Atalanta GK Marco Carnesecchi
69%
Atalanta CB Isak Hien
68%
Lazio FW Valentín Castellanos
68%
Roma CM Bryan Cristante
67%
Lazio GK Ivan Provedel
67%
Bologna GK Łukasz Skorupski
67%
Atalanta WB Nicola Zalewski
67%
Roma WB Wesley
67%
Milan CM Youssouf Fofana
67%
Sassuolo RW Domenico Berardi
66%
Milan CB Matteo Gabbia
65%
Lazio RM Mattéo Guendouzi
64%
Lazio LW Mattia Zaccagni
64%
Bologna DM Remo Freuler
64%
Bologna RW Riccardo Orsolini
64%
Fiorentina WB Robin Gosens
64%
Roma WB Angeliño
63%
Napoli FW Lorenzo Lucca
63%
Lazio LB Nuno Tavares
63%
Inter CM Petar Sucic
63%
Milan WB Alexis Saelemaekers
62%
Lazio CB Mario Gila
62%
Como FW Anastasios Douvikas
61%
Fiorentina WB Dodô
60%
Como GK Jean Butez
60%
Fiorentina AM Albert Guðmundsson
59%
Bologna FW Ciro Immobile
58%
Atalanta CB Giorgio Scalvini
57%
Roma CB Mario Hermoso
57%
Bologna CB Jhon Lucumí
56%
Parma FW Mateo Pellegrino
56%
Atalanta WB Raoul Bellanova
56%
Cagliari CB Yerry Mina
56%
Cagliari RB Gabriele Zappa
55%
Torino LW Nikola Vlašić
54%
Sassuolo LW Armand Lauriente
53%
Parma CM Adrian Bernabe
52%
Torino GK Franco Israel
52%
Torino FW Giovanni Simeone
52%
Roma AM Stephan El Shaarawy
50%
Sassuolo FW Andrea Pinamonti
49%
Fiorentina CB Marin Pongračić
49%
Como DM Máximo Perrone
49%
Cagliari GK Elia Caprile
48%
Como LW Jesus Rodríguez
48%
Udinese FW Keinan Davis
47%
Fiorentina CB Luca Ranieri
47%
Lazio RB Manuel Lazzari
47%
Genoa AM Nicolae Stanciu
47%
Lecce GK Wladimiro Falcone
47%
Como LB Álex Valle
46%
Bologna LB Charalampos Lykogiannis
46%
Torino CB Saúl Coco
46%
Lazio CM Danilo Cataldi
44%
Genoa CB Johan Vásquez
44%
Genoa FW Lorenzo Colombo
44%
Hellas Verona GK Lorenzo Montipò
44%
Como CB Marc-Oliver Kempf
44%
Genoa GK Nicola Leali
44%
Fiorentina CB Pietro Comuzzo
44%
Parma CB Enrico Del Prato
43%
Cremonese CB Federico Baschirotto
43%
Lazio LM Fisayo Dele-Bashiru
43%
Lecce RW Lameck Banda
43%
Lazio RW Matteo Cancellieri
43%
Cagliari AM Sebastiano Esposito
43%
Sassuolo GK Stefano Turati
43%
Pisa GK Adrian Šemper
42%
Como CB Jacobo Ramón
42%
Como DM Lucas Da Cunha
42%
Lecce FW Francesco Camarda
41%
Parma CB Alessandro Circati
40%
Atalanta AM Daniel Maldini
40%
Cremonese GK Emil Audero
40%
Cremonese FW Federico Bonazzoli
40%
Hellas Verona FW Giovane
40%
Udinese FW Iker Bravo
40%
Genoa RB Brooke Norton-Cuffy
39%
Como RW Mërgim Vojvoda
39%
Bologna LW Nicolò Cambiaghi
39%
Fiorentina DM Nicolò Fagioli
39%
Udinese GK Razvan Sava
39%
Cagliari CB Sebastiano Luperto
39%
Fiorentina DM Simon Sohm
39%
Bologna AM Jens Odgaard
37%
Pisa CM Marius Marin
37%
Udinese CB Oumar Solet
37%
Udinese CB Thomas Kristensen
37%
Udinese WB Jordan Zemura
36%
Bologna RB Lorenzo De Silvestri
36%
Pisa AM Mattéo Tramoni
36%
Sassuolo CB Tarik Muharemovic
36%
Torino RB Valentino Lazaro
36%
Torino RW Cyril Ngonge
35%
Torino LM Gvidas Gineitis
35%
Genoa DM Morten Frendrup
35%
Lecce LB Antonino Gallo
34%
Udinese CM Arthur Atta
34%
Torino LB Cristiano Biraghi
34%
Parma WB Emanuele Valeri
34%
Udinese CM Sandi Lovrić
34%
Genoa RW Valentin Carboni
34%
Torino CB Adam Masina
33%
Cagliari LB Adam Obert
33%
Cremonese FW David Okereke
33%
Pisa WB Idrissa Touré
33%
Como RB Ignace Van Der Brempt
33%
Sassuolo LB Josh Doig
33%
Lecce CM Ylber Ramadani
33%
Pisa CM Michel Aebischer
32%
Parma AM Pontus Almqvist
32%
Cremonese CM Jari Vandeputte
31%
Bologna CB Nicolò Casale
31%
Parma CB Lautaro Valenti
30%
Hellas Verona FW Amin Sarr
29%
Lecce RM Lassana Coulibaly
29%
Parma CM Mandela Keita
29%
Hellas Verona CM Suat Serdar
29%
Lecce LW Tete Morente
29%
Cagliari FW Michael Folorunsho
28%
Bologna DM Tommaso Pobega
28%
Torino RM Cesare Casadei
27%
Sassuolo LM Daniel Boloca
27%
Udinese CM Jesper Karlström
27%
Lecce LM Medon Berisha
27%
Genoa LW Albert Grønbaek
26%
Cagliari RM Michel Ndary Adopo
26%
Udinese CB Nicolò Bertola
26%
Pisa CB Antonio Caracciolo
25%
Torino CM Emirhan İlkhan
25%
Cremonese CM Michele Collocolo
25%
Pisa CB Simone Canestrelli
25%
Cagliari FW Gennaro Borrelli
24%
Cremonese WB Giuseppe Pezzella
24%
Genoa DM Patrizio Masini
24%
Pisa WB Samuele Angori
24%
Sassuolo RB Sebastian Walukiewicz
24%
Cagliari CM Matteo Prati
23%
Pisa AM Stefano Moreo
23%
Lecce CB Tiago Gabriel
23%
Cremonese CB Filippo Terracciano
22%
Pisa FW Henrik Meister
22%
Cagliari LM Alessandro Deiola
21%
Lecce RB Danilo Veiga
21%
Hellas Verona WB Domagoj Bradarić
21%
Cremonese WB Alessio Zerbin
20%
Sassuolo CB Filippo Romagna
20%
Udinese WB Kingsley Ehizibue
20%
Cremonese CB Matteo Bianchetti
20%
Hellas Verona CB Victor Nelsson
20%
Parma AM Christian Ordoñez
19%
Cremonese CM Alberto Grassi
17%
Genoa CB Alessandro Marcandalli
17%
Fiorentina AM Cher Ndour
17%
Parma WB Mathias Løvik
17%
Hellas Verona CB Unai Núñez
17%
Hellas Verona CM Antoine Bernede
16%
Lecce CB Kialonda
15%
Sassuolo CM Luca Lipani
13%
Hellas Verona CB Martin Frese
13%
Hellas Verona CM Cheikh Tidiane Niasse
11%
Pisa CB Daniel Denoon
8%
Hellas Verona WB Fallou Cham
8%
Lazio CB Oliver Nielsen
4%
No matching quizzes found
Score Distribution
Percent of People with Each Score
Percentile by Number Answered
Your Score History
You have not taken this quiz